Weird Geo Facts #3 - Statistics

General Stats
  • This quiz has been taken 16 times
  • The average score is 5 of 15
Answer Stats
Hint Answer % Correct
Only 2 countries in South America do not share a border with this country. Brazil
88%
This country has more than 300 indigenous tribes. Brazil
88%
The hottest temperature ever recorded was in this place. 134°F (56.7°C) Death Valley
88%
840 Languages are currently spoken in this country, Papua New Guinea
75%
It snows in this tropical state Hawaii
63%
This animal, once present in all African countries, is now extinct in 26 of them. Lions
63%
This country has 200 uninhabited islands. Greece
25%
The world's longest flight (19 hours) is between these two cities. Newark, Singapore
13%
The coldest temperature ever recorded was in this place. −128.6 °F (−89.2 °C) Soviet Vostok Station
13%
This region has 7,000 islands but only 26 are inhabited The Caribbean
13%
This place has not had a single drop of rain or snow in nearly 2 million years Dry Valleys, Antartica
6%
The hottest permanently inhabited place on the planet. Dallol, Ethiopia
0%
The wettest place on earth (724 inches of rain each year). Mawsynram, India
0%
Coldest permanently inhabited place on earth. Oymyakon, Russia
0%
The sunniest place on earth. (4,000 sunlight hours per year) Yuma, Arizona
0%
No matching quizzes found
Score Distribution
Percent of People with Each Score
Percentile by Number Answered
Your Score History
You have not taken this quiz